000 00555nam a2200205Ia 4500
005 20250923145727.0
008 008 250917s9999 xx 000 0 eng d
037 _aTextual
040 _aDSWL
_beng
_cDSWL
041 _aeng
_2eng
084 _aW81.2'N6, N74;1
_qDSWL
100 _aDas Gupta, B.
_9838346
245 4 _aThe Naxalite Movement
_cby B.Das Gupta
260 _aNew Delhi
_b Allied
_c1974
300 _a282p.
365 _aINR
_b40.00
925 _g40.00
942 _cTEXL
_hW81.2'N6, N74;1
999 _c1454869
_d1454869